00275nam a2200121Ia 4500008004100000041000900041082001800050100002000068245002000088260002900108300000800137650000800145230718s9999 xx 000 0 und d aEng. a347.07bFAR-G aFarani , Mr. M. 0aGeneral Clauses aPakistanbNationalc1998 a349 aLaw